000 00724nam a22002057a 4500
003 OSt
005 20140310181757.0
008 130701t xxu||||| |||| 00| 0 eng d
050 _aPL 5535
_b.D212 2007
082 _aFIL 899.211305
_bD11p 2007
245 _aDapitan prose (literary folio) /
_cEdited by Eric Melendez.
260 _aEspaa, Manila :
_bUST Publishing House,
_cc200_.
300 _a142 p. :
_bill. ;
_c25 cm. :
500 _aFilipino and English text . Dapitan is the official Literary Folio of the Flame, The UST Student publication of Faculty of Arts and Letters.
520 _a1. Prose--periodicals.
521 _aBasic ed. students
541 _j1
562 _e1
942 _2lcc
_cBK-FIL
_kFIL
999 _c3472
_d3472